[Event "12th Arad Open 2019"]
[Site "Arad"]
[Date "2019.07.28"]
[Round "6.17"]
[White "Mozes, Ervin"]
[Black "Secheres, Adrian-Simion"]
[Result "0-1"]
[WhiteElo "2121"]
[BlackElo "2394"]
[Annotator "NA"]
[PlyCount "64"]
[EventDate "2019.07.24"]
[EventType "swiss"]
[EventCountry "ROU"]
[SourceTitle "playchess.com"]
[Source "ChessBase"]
[SourceQuality "1"]
[TimeControl "40/5400+30:900+30"]

1. e4 {[%emt 0:00:00]} c5 {[%emt 0:00:00]} 2. g3 {[%emt 0:00:00]} Nc6 {[%emt 0:00:06]} 3. Bg2 {[%emt 0:00:00]} g6 {[%emt 0:00:25]} 4. Ne2 {[%emt 0:00:01]} Bg7 {[%emt 0:00:21]} 5. O-O {[%emt 0:00:37]} d6 {[%emt 0:01:01]} 6. d3 {[%emt 0:01:35]} e5 {[%emt 0:00:51]} 7. Be3 {[%emt 0:05:18]} Nge7 {[%emt 0:00:22]} 8. c3 {[%emt 0:01:03]} b6 {[%emt 0:00:38]} 9. Re1 {[%emt 0:12:46]} Ba6 {[%emt 0:06:36]} 10. c4 {[%emt 0:04:43]} O-O {[%emt 0:04:28]} 11. Nbc3 {[%emt 0:00:30]} Bb7 {[%emt 0:08:43]} 12. Qd2 {[%emt 0:02:44]} a6 {[%emt 0:14:17]} 13. b3 {[%emt 0:07:15]} Qd7 {[%emt 0:04:41]} 14. a3 {[%emt 0:04:47]} Rab8 {[%emt 0:15:03]} 15. b4 {[%emt 0:04:55]} Nd4 {[%emt 0:04:45]} 16. Rab1 {[%emt 0:03:22]} f5 {[%emt 0:02:44]} 17. Bg5 {[%emt 0:18:54]} Nec6 {[%emt 0:12:45]} 18. b5 {[%emt 0:08:29]} Nxe2+ 19. Nxe2 {[%emt 0:00:36]} axb5 {[%emt 0:06:53]} 20. Rxb5 {[%emt 0:05:57]} f4 {[%emt 0:01:24]} 21. gxf4 {[%emt 0:04:12]} h6 {[%emt 0:00:22]} 22. Bh4 {[%emt 0:00:47]} exf4 {[%emt 0:00:25]} 23. f3 {[%emt 0:00:23]} Ba6 {[%emt 0:02:06]} 24. Rbb1 {[%emt 0:00:19]} g5 {[%emt 0:00:42]} 25. Bf2 {[%emt 0:00:02]} Ne5 {[%emt 0:00:27]} 26. Red1 {[%emt 0:07:47]} Qf7 {[%emt 0:02:59]} 27. h3 {[%emt 0:04:14]} Qh5 {[%emt 0:01:47]} 28. Kf1 {[%emt 0:01:02]} Nxf3 {[%emt 0:00:37]} 29. Bxf3 {[%emt 0:00:09]} Qxf3 {[%emt 0:00:03]} 30. Ng1 {[%emt 0:00:01]} Qh5 {[%emt 0:00:18]} 31. Qe2 {[%emt 0:00:09]} f3 {[%emt 0:00:23]} 32. Qa2 {[%emt 0:00:13]} Bc8 0-1

[Event "12th Arad Open 2019"]
[Site "Arad"]
[Date "2019.07.28"]
[Round "6.18"]
[White "Har-Even, Abir"]
[Black "Balla, Tamas-Kristof"]
[Result "1-0"]
[WhiteElo "2083"]
[BlackElo "2336"]
[Annotator "NA"]
[PlyCount "77"]
[EventDate "2019.07.24"]
[EventType "swiss"]
[EventCountry "ROU"]
[SourceTitle "playchess.com"]
[Source "ChessBase"]
[SourceQuality "1"]
[TimeControl "40/5400+30:900+30"]

1. e4 {[%emt 0:00:00]} c5 {[%emt 0:00:00]} 2. Nc3 {[%emt 0:00:00]} e6 {[%emt 0:00:00]} 3. f4 {[%emt 0:00:00]} d5 {[%emt 0:00:03]} 4. Nf3 {[%emt 0:00:29]} d4 {[%emt 0:00:35]} 5. Bb5+ {[%emt 0:04:11]} Nd7 {[%emt 0:04:02]} 6. Ne2 {[%emt 0:02:30]} Ngf6 {[%emt 0:01:05]} 7. Bxd7+ {[%emt 0:05:39]} Qxd7 {[%emt 0:01:18]} 8. d3 {[%emt 0:00:18]} b6 {[%emt 0:00:23]} 9. O-O {[%emt 0:01:00]} Bb7 {[%emt 0:00:09]} 10. a4 {[%emt 0:03:59]} a6 {[%emt 0:03:25]} 11. b3 {[%emt 0:02:20]} Be7 {[%emt 0:00:41]} 12. Bd2 {[%emt 0:02:16]} O-O {[%emt 0:01:23]} 13. Ng3 {[%emt 0:04:46]} Qc7 {[%emt 0:03:25]} 14. Qe2 {[%emt 0:03:07]} Rae8 {[%emt 0:04:11]} 15. f5 {[%emt 0:04:58]} Bd6 {[%emt 0:04:18]} 16. fxe6 {[%emt 0:18:57]} fxe6 {[%emt 0:02:05]} 17. Be1 {[%emt 0:11:27]} Ng4 {[%emt 0:07:37]} 18. Nd2 {[%emt 0:00:19]} Ne3 {[%emt 0:08:29]} 19. Rxf8+ {[%emt 0:00:16]} Rxf8 {[%emt 0:00:04]} 20. Nc4 {[%emt 0:00:15]} Bf4 {[%emt 0:01:14]} 21. Bf2 {[%emt 0:01:38]} Nxc4 {[%emt 0:02:33]} 22. bxc4 {[%emt 0:00:33]} Bc6 {[%emt 0:00:06]} 23. Nf1 {[%emt 0:08:38]} Qd7 {[%emt 0:01:43]} 24. a5 {[%emt 0:00:33]} b5 {[%emt 0:00:11]} 25. cxb5 {[%emt 0:03:37]} axb5 {[%emt 0:00:27]} 26. Bg3 {[%emt 0:00:25]} Bg5 {[%emt 0:04:50]} 27. Qh5 {[%emt 0:05:18]} Be7 {[%emt 0:03:25]} 28. Nd2 {[%emt 0:00:14]} Rc8 {[%emt 0:15:58]} 29. Nf3 {[%emt 0:05:45]} Qe8 {[%emt 0:01:26]} 30. Qg4 {[%emt 0:00:37]} Bd8 {[%emt 0:01:09]} 31. Be5 {[%emt 0:01:14]} Qg6 {[%emt 0:05:08]} 32. Qxg6 {[%emt 0:00:27]} hxg6 {[%emt 0:00:04]} 33. a6 {[%emt 0:00:52]} Bb6 {[%emt 0:03:26]} 34. a7 {[%emt 0:01:30]} Bb7 {[%emt 0:01:10]} 35. Bb8 {[%emt 0:00:26]} Ba8 {[%emt 0:02:50]} 36. Ra6 {[%emt 0:00:16]} Bc7 {[%emt 0:00:36]} 37. Bxc7 {[%emt 0:01:27]} Rxc7 {[%emt 0:00:05]} 38. Ng5 {[%emt 0:00:24]} c4 {[%emt 0:02:45]} 39. Rb6 {[%emt 0:00:39]} 1-0

[Event "12th Arad Open 2019"]
[Site "Arad"]
[Date "2019.07.28"]
[Round "6.19"]
[White "Voinescu, David-Ioan"]
[Black "Gorodetzky, Matan"]
[Result "1/2-1/2"]
[WhiteElo "2046"]
[BlackElo "2290"]
[Annotator "NA"]
[PlyCount "96"]
[EventDate "2019.07.24"]
[EventType "swiss"]
[EventCountry "ROU"]
[SourceTitle "playchess.com"]
[Source "ChessBase"]
[SourceQuality "1"]
[TimeControl "40/5400+30:900+30"]

1. e4 {[%emt 0:00:00]} e6 {[%emt 0:00:00]} 2. d4 {[%emt 0:00:00]} d5 {[%emt 0:00:00]} 3. Nc3 {[%emt 0:00:00]} Nf6 {[%emt 0:00:15]} 4. e5 {[%emt 0:00:00]} Nfd7 {[%emt 0:00:04]} 5. f4 c5 {[%emt 0:00:30]} 6. Nf3 Nc6 {[%emt 0:00:30]} 7. Be3 a6 {[%emt 0:00:30]} 8. Qd2 b5 {[%emt 0:00:30]} 9. a3 Qb6 {[%emt 0:00:30]} 10. Ne2 Qc7 {[%emt 0:00:30]} 11. dxc5 Nxc5 {[%emt 0:00:30]} 12. Ned4 {[%emt 0:41:51]} Na5 {[%emt 0:00:30]} 13. Bd3 {[%emt 0:00:30]} Nc4 {[%emt 0:00:30]} 14. Qc1 {[%emt 0:00:30]} Bb7 {[%emt 0:00:30]} 15. O-O {[%emt 0:00:30]} g6 {[%emt 0:00:30]} 16. b3 {[%emt 0:00:30]} Nxe3 {[%emt 0:00:30]} 17. Qxe3 {[%emt 0:00:30]} Rd8 {[%emt 0:00:30]} 18. Rfc1 {[%emt 0:00:30]} Be7 19. g4 h5 {[%emt 0:59:20]} 20. h3 {[%emt 0:01:32]} hxg4 {[%emt 0:00:40]} 21. hxg4 {[%emt 0:00:09]} Qb6 {[%emt 0:00:48]} 22. Kg2 {[%emt 0:06:26]} Kd7 {[%emt 0:03:10]} 23. Rh1 {[%emt 0:10:00]} Kc7 {[%emt 0:01:37]} 24. Rxh8 {[%emt 0:02:04]} Rxh8 {[%emt 0:00:02]} 25. b4 {[%emt 0:08:12]} Na4 {[%emt 0:02:38]} 26. Ng5 {[%emt 0:03:55]} Nb2 {[%emt 0:15:07]} 27. Nxf7 {[%emt 0:04:43]} Nc4 {[%emt 0:00:13]} 28. Qf2 {[%emt 0:01:18]} Bh4 {[%emt 0:01:28]} 29. Qg1 {[%emt 0:00:07]} Rg8 {[%emt 0:00:38]} 30. Nd6 {[%emt 0:06:01]} Kb8 {[%emt 0:03:56]} 31. Nxb7 {[%emt 0:00:36]} Qxb7 {[%emt 0:01:20]} 32. Rf1 {[%emt 0:08:45]} Bd8 {[%emt 0:07:28]} 33. Bxc4 {[%emt 0:00:39]} dxc4+ {[%emt 0:00:22]} 34. Rf3 {[%emt 0:00:28]} Bb6 {[%emt 0:00:27]} 35. c3 {[%emt 0:02:37]} Rd8 {[%emt 0:00:20]} 36. Kg3 {[%emt 0:02:02]} Qe4 {[%emt 0:00:42]} 37. Qe3 {[%emt 0:01:34]} Qxe3 {[%emt 0:00:52]} 38. Rxe3 {[%emt 0:00:04]} Bxd4 {[%emt 0:00:07]} 39. cxd4 {[%emt 0:00:04]} Rxd4 {[%emt 0:00:05]} 40. f5 {[%emt 0:00:00]} gxf5 {[%emt 0:00:00]} 41. gxf5 {[%emt 0:01:19]} Kc7 {[%emt 0:10:29]} 42. f6 {[%emt 0:00:56]} Kd7 {[%emt 0:00:34]} 43. Kf3 {[%emt 0:01:15]} Ke8 {[%emt 0:04:15]} 44. Kf2 {[%emt 0:01:28]} Kf7 {[%emt 0:00:55]} 45. Kf3 {[%emt 0:04:23]} Kf8 {[%emt 0:00:33]} 46. Re2 {[%emt 0:01:58]} Rd3+ {[%emt 0:00:14]} 47. Re3 {[%emt 0:01:12]} Rb3 {[%emt 0:02:47]} 48. Ke4 {[%emt 0:02:01]} Rxe3+ {[%emt 0:00:24]} 1/2-1/2

[Event "12th Arad Open 2019"]
[Site "Arad"]
[Date "2019.07.28"]
[Round "6.20"]
[White "Gilea, Lucian"]
[Black "Pavlenko, Bogdan"]
[Result "1-0"]
[WhiteElo "2287"]
[BlackElo "2164"]
[Annotator "NA"]
[PlyCount "49"]
[EventDate "2019.07.24"]
[EventType "swiss"]
[EventCountry "ROU"]
[SourceTitle "playchess.com"]
[Source "ChessBase"]
[SourceQuality "1"]
[TimeControl "40/5400+30:900+30"]

1. Nf3 {[%emt 0:00:00]} Nf6 {[%emt 0:00:00]} 2. g3 {[%emt 0:00:00]} d5 {[%emt 0:00:08]} 3. d4 {[%emt 0:00:11]} Bf5 {[%emt 0:01:47]} 4. c4 {[%emt 0:00:54]} c6 {[%emt 0:02:22]} 5. Bg2 {[%emt 0:00:09]} e6 {[%emt 0:00:20]} 6. O-O {[%emt 0:00:12]} Be7 {[%emt 0:00:11]} 7. Nc3 {[%emt 0:02:36]} O-O {[%emt 0:13:40]} 8. Nh4 {[%emt 0:00:29]} Bg4 {[%emt 0:00:16]} 9. cxd5 {[%emt 0:06:25]} cxd5 {[%emt 0:01:05]} 10. h3 {[%emt 0:01:18]} Bh5 {[%emt 0:01:09]} 11. Qb3 {[%emt 0:00:07]} Qd7 {[%emt 0:00:36]} 12. Nf3 {[%emt 0:00:20]} Nc6 {[%emt 0:00:10]} 13. Ne5 {[%emt 0:04:47]} Nxe5 {[%emt 0:15:09]} 14. dxe5 {[%emt 0:00:02]} Ne4 {[%emt 0:00:44]} 15. Nxe4 {[%emt 0:00:34]} dxe4 {[%emt 0:02:58]} 16. Qe3 {[%emt 0:20:34]} Bg6 {[%emt 0:43:24]} 17. Bxe4 {[%emt 0:01:09]} Bxe4 {[%emt 0:02:24]} 18. Qxe4 {[%emt 0:00:01]} Rfd8 {[%emt 0:03:24]} 19. Be3 {[%emt 0:03:08]} Qd5 {[%emt 0:00:13]} 20. Qxd5 {[%emt 0:00:25]} Rxd5 {[%emt 0:00:02]} 21. Rfc1 {[%emt 0:00:05]} Rxe5 {[%emt 0:02:09]} 22. Rc7 {[%emt 0:00:12]} Bf6 {[%emt 0:03:12]} 23. Rxb7 {[%emt 0:00:10]} g6 {[%emt 0:00:20]} 24. Bd4 {[%emt 0:05:05]} Rf5 {[%emt 0:00:12]} 25. e4 {[%emt 0:00:19]} 1-0

[Event "12th Arad Open 2019"]
[Site "Arad"]
[Date "2019.07.28"]
[Round "6.21"]
[White "Kutnik, Alexandru-Francisc"]
[Black "Dicu, Razvan-Stefan"]
[Result "0-1"]
[WhiteElo "2043"]
[BlackElo "2286"]
[Annotator "NA"]
[PlyCount "72"]
[EventDate "2019.07.24"]
[EventType "swiss"]
[EventCountry "ROU"]
[SourceTitle "playchess.com"]
[Source "ChessBase"]
[SourceQuality "1"]
[TimeControl "40/5400+30:900+30"]

1. e4 {[%emt 0:00:00]} c5 {[%emt 0:00:00]} 2. Nf3 {[%emt 0:00:00]} e6 {[%emt 0:00:00]} 3. c3 {[%emt 0:00:00]} d5 {[%emt 0:00:06]} 4. exd5 {[%emt 0:00:00]} exd5 {[%emt 0:00:12]} 5. d4 {[%emt 0:00:06]} Nc6 {[%emt 0:01:10]} 6. Bb5 {[%emt 0:00:03]} Bd6 {[%emt 0:00:40]} 7. O-O {[%emt 0:00:12]} Nge7 {[%emt 0:00:15]} 8. dxc5 {[%emt 0:00:02]} Bxc5 {[%emt 0:00:07]} 9. Bf4 {[%emt 0:02:49]} O-O {[%emt 0:01:02]} 10. Nbd2 {[%emt 0:00:41]} Ng6 {[%emt 0:06:37]} 11. Bg3 {[%emt 0:05:15]} f5 {[%emt 0:07:33]} 12. Nb3 {[%emt 0:00:08]} Bb6 {[%emt 0:01:15]} 13. Bxc6 {[%emt 0:00:07]} bxc6 {[%emt 0:00:10]} 14. Be5 {[%emt 0:00:03]} Nxe5 {[%emt 0:04:03]} 15. Nxe5 {[%emt 0:00:01]} Qf6 {[%emt 0:00:19]} 16. Nd3 {[%emt 0:03:16]} f4 {[%emt 0:08:55]} 17. Qf3 {[%emt 0:01:52]} Bf5 {[%emt 0:25:18]} 18. Nd2 {[%emt 0:08:35]} g5 {[%emt 0:06:47]} 19. h3 {[%emt 0:00:09]} h5 {[%emt 0:00:54]} 20. g4 {[%emt 0:06:55]} fxg3 {[%emt 0:09:18]} 21. Qxg3 {[%emt 0:00:02]} h4 {[%emt 0:00:11]} 22. Qf3 {[%emt 0:01:25]} Bc7 {[%emt 0:03:36]} 23. Rae1 {[%emt 0:10:52]} Qd6 {[%emt 0:04:08]} 24. Re5 {[%emt 0:29:49]} Bxd3 {[%emt 0:00:25]} 25. Rxg5+ {[%emt 0:00:14]} Kh8 {[%emt 0:00:12]} 26. Qh5+ {[%emt 0:03:43]} Bh7 {[%emt 0:00:10]} 27. f4 {[%emt 0:02:22]} Rxf4 {[%emt 0:06:59]} 28. Nf3 {[%emt 0:03:54]} Raf8 {[%emt 0:00:11]} 29. Kg2 {[%emt 0:03:53]} Rxf3 {[%emt 0:00:34]} 30. Rxf3 {[%emt 0:00:10]} Qh2+ {[%emt 0:00:06]} 31. Kf1 {[%emt 0:00:07]} Qxh3+ {[%emt 0:00:16]} 32. Ke2 {[%emt 0:00:15]} Qxf3+ {[%emt 0:00:12]} 33. Qxf3 {[%emt 0:00:02]} Rxf3 {[%emt 0:00:06]} 34. Kxf3 {[%emt 0:00:04]} h3 {[%emt 0:00:07]} 35. Rh5 {[%emt 0:01:44]} h2 {[%emt 0:00:05]} 36. c4 {[%emt 0:00:05]} Kg7 {[%emt 0:00:09]} 0-1

[Event "12th Arad Open 2019"]
[Site "Arad"]
[Date "2019.07.28"]
[Round "6.22"]
[White "Fluerariu, Radu-Cristian"]
[Black "Talu, Mircea"]
[Result "0-1"]
[WhiteElo "2021"]
[BlackElo "2278"]
[Annotator "NA"]
[PlyCount "88"]
[EventDate "2019.07.24"]
[EventType "swiss"]
[EventCountry "ROU"]
[SourceTitle "playchess.com"]
[Source "ChessBase"]
[SourceQuality "1"]
[TimeControl "40/5400+30:900+30"]

1. Nf3 {[%emt 0:00:33]} Nf6 {[%emt 0:00:00]} 2. c4 {[%emt 0:00:42]} e6 {[%emt 0:00:00]} 3. g3 {[%emt 0:03:44]} b6 {[%emt 0:00:54]} 4. Bg2 {[%emt 0:01:14]} Bb7 {[%emt 0:00:06]} 5. O-O {[%emt 0:00:42]} c5 {[%emt 0:00:05]} 6. b3 {[%emt 0:11:13]} Be7 {[%emt 0:01:28]} 7. Bb2 {[%emt 0:00:41]} O-O {[%emt 0:00:36]} 8. Nc3 {[%emt 0:04:27]} d6 {[%emt 0:00:20]} 9. e3 {[%emt 0:05:42]} Nbd7 {[%emt 0:07:09]} 10. Qe2 {[%emt 0:05:07]} Rc8 {[%emt 0:03:18]} 11. Rfd1 {[%emt 0:01:29]} Qc7 {[%emt 0:09:56]} 12. Rac1 {[%emt 0:05:58]} Qb8 {[%emt 0:00:31]} 13. Nh4 {[%emt 0:08:01]} Bxg2 {[%emt 0:06:19]} 14. Nxg2 {[%emt 0:01:04]} Qb7 {[%emt 0:00:13]} 15. f4 {[%emt 0:06:34]} d5 {[%emt 0:02:27]} 16. Qf3 {[%emt 0:03:13]} Rfd8 {[%emt 0:16:49]} 17. g4 {[%emt 0:05:05]} Ne4 {[%emt 0:10:01]} 18. d3 {[%emt 0:11:25]} Nxc3 {[%emt 0:00:10]} 19. Bxc3 {[%emt 0:00:04]} Bf6 {[%emt 0:02:58]} 20. g5 {[%emt 0:15:52]} Bxc3 {[%emt 0:00:19]} 21. Rxc3 {[%emt 0:00:00]} Nf8 {[%emt 0:06:12]} 22. Rcc1 {[%emt 0:03:09]} Rc7 {[%emt 0:01:23]} 23. e4 {[%emt 0:02:41]} dxe4 {[%emt 0:00:14]} 24. dxe4 {[%emt 0:00:21]} Rcd7 {[%emt 0:00:06]} 25. Rxd7 {[%emt 0:01:48]} Rxd7 {[%emt 0:00:05]} 26. Qe2 {[%emt 0:00:41]} Rd4 {[%emt 0:00:43]} 27. Re1 {[%emt 0:00:18]} Qd7 {[%emt 0:00:15]} 28. Qe3 {[%emt 0:01:21]} Ng6 {[%emt 0:04:51]} 29. h4 {[%emt 0:00:15]} Rd3 {[%emt 0:02:08]} 30. Qf2 {[%emt 0:00:13]} Rd2 {[%emt 0:12:49]} 31. Re2 {[%emt 0:00:10]} Rxe2 {[%emt 0:00:08]} 32. Qxe2 {[%emt 0:00:03]} Qd4+ {[%emt 0:00:06]} 33. Kh2 {[%emt 0:00:50]} Ne7 {[%emt 0:00:20]} 34. Ne1 {[%emt 0:01:31]} Nc6 {[%emt 0:01:51]} 35. Nf3 {[%emt 0:00:09]} Qc3 {[%emt 0:01:07]} 36. Kg3 {[%emt 0:00:56]} Nd4 {[%emt 0:00:59]} 37. Qf2 {[%emt 0:00:33]} Qd3 {[%emt 0:00:09]} 38. e5 {[%emt 0:00:29]} Ne2+ {[%emt 0:00:18]} 39. Kh2 {[%emt 0:00:34]} Nxf4 {[%emt 0:00:10]} 40. Qd2 {[%emt 0:00:00]} Qxd2+ {[%emt 0:00:00]} 41. Nxd2 {[%emt 0:00:40]} Nd3 {[%emt 0:01:16]} 42. Ne4 {[%emt 0:03:08]} Nxe5 {[%emt 0:00:55]} 43. Nd6 {[%emt 0:00:08]} Nc6 {[%emt 0:00:21]} 44. Kg3 {[%emt 0:02:34]} Kf8 {[%emt 0:00:16]} 0-1

[Event "12th Arad Open 2019"]
[Site "Arad"]
[Date "2019.07.28"]
[Round "6.23"]
[White "Obada, Ema"]
[Black "Vasiesiu, Victor"]
[Result "1/2-1/2"]
[WhiteElo "1946"]
[BlackElo "2269"]
[Annotator "NA"]
[PlyCount "95"]
[EventDate "2019.07.24"]
[EventType "swiss"]
[EventCountry "ROU"]
[SourceTitle "playchess.com"]
[Source "ChessBase"]
[SourceQuality "1"]
[TimeControl "40/5400+30:900+30"]

1. Nf3 {[%emt 0:00:00]} g6 {[%emt 0:00:18]} 2. g3 {[%emt 0:00:00]} Bg7 {[%emt 0:00:06]} 3. Bg2 {[%emt 0:00:00]} e5 {[%emt 0:00:34]} 4. d3 {[%emt 0:02:18]} d6 {[%emt 0:00:25]} 5. c4 {[%emt 0:00:36]} f5 {[%emt 0:00:06]} 6. Nc3 {[%emt 0:00:25]} Nf6 {[%emt 0:00:22]} 7. O-O {[%emt 0:00:44]} O-O {[%emt 0:00:07]} 8. Rb1 {[%emt 0:00:45]} a5 {[%emt 0:00:37]} 9. a3 {[%emt 0:00:07]} c6 {[%emt 0:00:10]} 10. b4 {[%emt 0:00:45]} Na6 {[%emt 0:01:57]} 11. Qb3 {[%emt 0:08:50]} Re8 {[%emt 0:00:46]} 12. e4 {[%emt 0:12:28]} h6 {[%emt 0:15:52]} 13. Be3 {[%emt 0:13:44]} axb4 {[%emt 0:00:59]} 14. axb4 {[%emt 0:02:41]} Ng4 {[%emt 0:08:36]} 15. h3 {[%emt 0:01:54]} Nxe3 {[%emt 0:00:28]} 16. fxe3 {[%emt 0:00:08]} Be6 {[%emt 0:02:30]} 17. exf5 {[%emt 0:19:26]} gxf5 {[%emt 0:00:52]} 18. Ne2 {[%emt 0:03:43]} d5 {[%emt 0:15:18]} 19. cxd5 {[%emt 0:04:12]} Bxd5 {[%emt 0:00:06]} 20. Qc2 {[%emt 0:02:48]} Qb6 {[%emt 0:00:23]} 21. Qd2 {[%emt 0:00:05]} Nc7 {[%emt 0:01:36]} 22. Rb2 {[%emt 0:01:34]} f4 {[%emt 0:02:26]} 23. d4 {[%emt 0:08:10]} fxe3 {[%emt 0:02:46]} 24. Qxe3 {[%emt 0:00:11]} exd4 {[%emt 0:00:17]} 25. Qf2 {[%emt 0:00:08]} Rf8 {[%emt 0:00:19]} 26. Nexd4 {[%emt 0:01:50]} Ra3 {[%emt 0:01:17]} 27. Rd2 {[%emt 0:02:09]} Rc3 {[%emt 0:12:35]} 28. Ne2 {[%emt 0:04:26]} Qxf2+ {[%emt 0:07:03]} 29. Rxf2 {[%emt 0:00:31]} Rb3 {[%emt 0:00:41]} 30. Nf4 {[%emt 0:03:10]} Rxb4 {[%emt 0:00:34]} 31. Kh2 {[%emt 0:02:00]} Rc4 {[%emt 0:02:38]} 32. Rfe2 {[%emt 0:01:11]} b5 {[%emt 0:03:44]} 33. Ne5 {[%emt 0:02:16]} Bxe5 {[%emt 0:06:15]} 34. Rxe5 {[%emt 0:00:01]} Bxg2 {[%emt 0:00:33]} 35. Kxg2 {[%emt 0:00:01]} b4 {[%emt 0:03:10]} 36. Re7 {[%emt 0:01:34]} Nd5 {[%emt 0:01:24]} 37. Nxd5 {[%emt 0:00:08]} cxd5 {[%emt 0:00:05]} 38. Rd7 {[%emt 0:01:46]} b3 {[%emt 0:03:26]} 39. R7xd5 {[%emt 0:00:04]} Rb4 {[%emt 0:00:11]} 40. Rb2 {[%emt 0:00:00]} Rc8 {[%emt 0:00:00]} 41. Rd3 {[%emt 0:04:50]} Rc2+ {[%emt 0:00:42]} 42. Rxc2 {[%emt 0:00:20]} bxc2 {[%emt 0:00:05]} 43. Rc3 {[%emt 0:00:02]} Rb2 {[%emt 0:00:05]} 44. Rc8+ {[%emt 0:00:02]} Kf7 {[%emt 0:00:07]} 45. Kf3 {[%emt 0:00:03]} Ke6 {[%emt 0:00:26]} 46. Ke4 {[%emt 0:00:58]} Kf6 {[%emt 0:00:54]} 47. h4 {[%emt 0:00:38]} h5 {[%emt 0:01:03]} 48. Rc6+ {[%emt 0:00:34] Ke5+} 1/2-1/2

[Event "12th Arad Open 2019"]
[Site "Arad"]
[Date "2019.07.28"]
[Round "6.24"]
[White "Lyell, Mark"]
[Black "Avramescu, Paul-Mihai"]
[Result "1-0"]
[WhiteElo "2216"]
[BlackElo "2061"]
[Annotator "NA"]
[PlyCount "77"]
[EventDate "2019.07.24"]
[EventType "swiss"]
[EventCountry "ROU"]
[SourceTitle "playchess.com"]
[Source "ChessBase"]
[SourceQuality "1"]
[TimeControl "40/5400+30:900+30"]

1. e4 {[%emt 0:00:00]} c6 {[%emt 0:00:00]} 2. d4 {[%emt 0:00:00]} d5 {[%emt 0:00:00]} 3. exd5 {[%emt 0:00:00]} cxd5 {[%emt 0:00:00]} 4. Bd3 {[%emt 0:00:00]} Nf6 {[%emt 0:00:00]} 5. c3 {[%emt 0:02:13]} Nc6 {[%emt 0:00:00]} 6. Bf4 {[%emt 0:00:20]} g6 {[%emt 0:00:28]} 7. Nf3 {[%emt 0:00:44]} Bg7 {[%emt 0:00:06]} 8. Nbd2 {[%emt 0:00:52]} O-O {[%emt 0:00:06]} 9. h3 {[%emt 0:00:46]} a6 {[%emt 0:01:14]} 10. a4 Re8 {[%emt 0:00:25]} 11. O-O {[%emt 0:04:38]} Bf5 {[%emt 0:00:44]} 12. Bxf5 {[%emt 0:01:15]} gxf5 {[%emt 0:06:59]} 13. Ne5 {[%emt 0:00:22]} Nxe5 {[%emt 0:00:07]} 14. Bxe5 {[%emt 0:01:40]} e6 {[%emt 0:00:10]} 15. Nb3 {[%emt 0:02:43]} Ne4 {[%emt 0:00:25]} 16. f3 {[%emt 0:03:26]} Nd6 {[%emt 0:00:31]} 17. Bxg7 {[%emt 0:10:15]} Kxg7 {[%emt 0:00:07]} 18. Nc5 {[%emt 0:02:46]} Rg8 {[%emt 0:00:20]} 19. Qe1 {[%emt 0:06:57]} h6 {[%emt 0:00:07]} 20. b3 {[%emt 0:15:27]} Kh7 {[%emt 0:00:17]} 21. Ra2 {[%emt 0:00:36]} Rg7 {[%emt 0:00:08]} 22. Qe5 {[%emt 0:05:25]} Qc7 {[%emt 0:01:49]} 23. Rc1 {[%emt 0:04:14]} b6 {[%emt 0:00:15]} 24. Nd3 {[%emt 0:02:39]} Rc8 {[%emt 0:00:25]} 25. a5 {[%emt 0:13:53]} b5 {[%emt 0:00:24]} 26. Nb4 {[%emt 0:04:56]} Ra8 {[%emt 0:00:23]} 27. Qf4 {[%emt 0:01:33]} Qd7 {[%emt 0:00:27]} 28. Nd3 {[%emt 0:00:34]} Rag8 {[%emt 0:01:32]} 29. Kh1 {[%emt 0:02:51]} Qe7 {[%emt 0:00:41]} 30. Nc5 {[%emt 0:00:44]} Ra8 {[%emt 0:00:10]} 31. Re1 {[%emt 0:01:07]} Ra7 {[%emt 0:01:31]} 32. Rae2 {[%emt 0:01:09]} Qc7 {[%emt 0:00:15]} 33. Nxe6 {[%emt 0:01:31]} fxe6 {[%emt 0:00:18]} 34. Rxe6 {[%emt 0:00:08]} Rg6 {[%emt 0:01:05]} 35. Rxg6 {[%emt 0:01:13]} Kxg6 {[%emt 0:00:16]} 36. Re6+ {[%emt 0:00:14]} Kf7 {[%emt 0:00:04]} 37. Rxd6 {[%emt 0:04:30]} Qxc3 {[%emt 0:03:05]} 38. Qxf5+ {[%emt 0:00:12]} Ke8 {[%emt 0:00:10]} 39. Qe6+ {[%emt 0:00:55]} 1-0

[Event "12th Arad Open 2019"]
[Site "Arad"]
[Date "2019.07.28"]
[Round "6.25"]
[White "Daianu, Cristian-Clement"]
[Black "Veress, Armand"]
[Result "1-0"]
[WhiteElo "2199"]
[BlackElo "1827"]
[Annotator "NA"]
[PlyCount "83"]
[EventDate "2019.07.24"]
[EventType "swiss"]
[EventCountry "ROU"]
[SourceTitle "playchess.com"]
[Source "ChessBase"]
[SourceQuality "1"]
[TimeControl "40/5400+30:900+30"]

1. e4 {[%emt 0:00:00]} d5 {[%emt 0:00:00]} 2. exd5 {[%emt 0:00:13]} Qxd5 {[%emt 0:00:10]} 3. Nc3 {[%emt 0:01:08]} Qd6 {[%emt 0:00:20]} 4. d4 {[%emt 0:00:10]} c6 {[%emt 0:00:35]} 5. Ne4 {[%emt 0:01:51]} Qd5 {[%emt 0:08:52]} 6. Ng3 {[%emt 0:00:34]} Nf6 {[%emt 0:00:33]} 7. Nf3 {[%emt 0:11:21]} Bg4 {[%emt 0:07:02]} 8. Be2 {[%emt 0:00:24]} Nbd7 {[%emt 0:00:34]} 9. Be3 {[%emt 0:07:34]} e6 {[%emt 0:01:19]} 10. Qd2 {[%emt 0:09:03]} Nb6 {[%emt 0:07:04]} 11. b3 {[%emt 0:06:40]} Bxf3 {[%emt 0:04:08]} 12. Bxf3 {[%emt 0:00:32]} Qd7 {[%emt 0:00:06]} 13. c4 {[%emt 0:01:58]} Be7 {[%emt 0:14:53]} 14. O-O {[%emt 0:02:04]} O-O {[%emt 0:00:22]} 15. Rad1 {[%emt 0:06:19]} Rfd8 {[%emt 0:02:10]} 16. Qc2 {[%emt 0:00:56]} Qc7 {[%emt 0:01:51]} 17. Rfe1 {[%emt 0:10:29]} a5 {[%emt 0:06:44]} 18. Qc1 {[%emt 0:06:00]} Rd7 {[%emt 0:02:23]} 19. Bf4 {[%emt 0:07:27]} Qd8 {[%emt 0:00:35]} 20. Be5 {[%emt 0:00:10]} a4 {[%emt 0:01:44]} 21. Ne2 {[%emt 0:11:37]} axb3 {[%emt 0:09:03]} 22. axb3 {[%emt 0:00:03]} Bb4 {[%emt 0:05:09]} 23. Rf1 {[%emt 0:00:42]} Nc8 {[%emt 0:08:29]} 24. Nf4 {[%emt 0:09:15]} Bd6 {[%emt 0:03:37]} 25. Qe3 {[%emt 0:01:46]} Ne7 {[%emt 0:02:01]} 26. Bxf6 {[%emt 0:01:08]} gxf6 {[%emt 0:00:07]} 27. Nh5 {[%emt 0:02:12]} Ng6 {[%emt 0:01:13]} 28. d5 {[%emt 0:00:43]} cxd5 {[%emt 0:00:51]} 29. cxd5 {[%emt 0:00:02]} e5 {[%emt 0:03:02]} 30. Be4 {[%emt 0:00:23]} Bf8 {[%emt 0:03:19]} 31. Qf3 {[%emt 0:01:15]} Rd6 {[%emt 0:00:15]} 32. Qg4 {[%emt 0:01:03]} Ra3 {[%emt 0:01:57]} 33. Rd3 {[%emt 0:00:35]} Qa5 {[%emt 0:02:12]} 34. h4 {[%emt 0:00:13]} Kh8 {[%emt 0:02:42]} 35. Qf5 {[%emt 0:00:48]} Bg7 {[%emt 0:00:50]} 36. Rg3 {[%emt 0:00:20]} Ra1 {[%emt 0:01:02]} 37. Rxa1 {[%emt 0:00:23]} Qxa1+ {[%emt 0:00:05]} 38. Kh2 {[%emt 0:00:04]} Bh6 {[%emt 0:00:58]} 39. Nxf6 {[%emt 0:00:17]} Bf4 {[%emt 0:00:17]} 40. Qc8+ {[%emt 0:00:00]} Kg7 {[%emt 0:00:00]} 41. Ne8+ {[%emt 0:00:51]} Kh6 {[%emt 0:01:27]} 42. Nxd6 {[%emt 0:00:07]} 1-0